000 00403nam a2200145 i 4500
001 bg
245 0 0 _aWybrane zagadnienia z teorii organizacji i zarządzania /
_cpod red. Alfreda Czermińskiego.
250 _aWyd.3 zmien.
260 _aWarszawa,
_c1982.
700 1 _aCzermiński, Alfred
_d(1923- ).
_eRed.
040 _cBPK
041 _apol
942 _cKS
008 s pl f |000 0 pol
999 _c2100
_d2100
856 _uhttp://koha.tu.koszalin.pl/cgi-bin/koha/opac-detail.pl?biblionumber=2100
_yKatalog online BPK